Can You Name All The Characteristics Of Ziggy From Brawl Stars? - Statistics

General Stats
  • This quiz has been taken 2 times
  • The average score is 7 of 15
Answer Stats
Hint Answer % Correct
Rarity Mythic
100%
Buffies No
100%
Trait No
100%
Star Power The Great Ziggini
100%
Class Controller
50%
Gadgets Electric Shuffle
50%
Title Great
50%
Gadgets Now You See Me
50%
Attack Ta-da
50%
Star Power Thunderstruck
50%
Voice Actor Dario Coates
0%
Trio Illusions Wizards
0%
Prestige Title Master Of Thunder
0%
Hypercharge The Grand Vortex
0%
Super Ziggy's Fantastical Storm
0%
No matching quizzes found
Score Distribution
Percent of People with Each Score
Percentile by Number Answered
Your Score History
You have not taken this quiz